00294 a2200121 4500003000400000005001700004008004100021040000900062082001500071245005400086260002400140300000800164OSt20240112155825.0240112b |||||||| |||| 00| 0 eng d coclc a297bKNM/Z aZakath sekharanavum vitharanavum oru margarekha / aKerala:bKNM,c2018 a32p